| 000 | 00661nam a22002537a 4500 | ||
|---|---|---|---|
| 001 | 14373 | ||
| 003 | BD-JhCC | ||
| 005 | 20250731100039.0 | ||
| 008 | 250731b |||||||| |||| 00| 0 eng d | ||
| 020 | _a9780141397986 | ||
| 035 | _a(BD-JhCC) 14373 | ||
| 040 |
_aBD-JhCC _dBD-JhCC |
||
| 041 | _aeng | ||
| 082 |
_223 _a335.42 _bMAR |
||
| 100 | _aMarx, Karl | ||
| 245 |
_aThe Communist Manifesto / _cKarl Marx & Friedrich Engels |
||
| 260 |
_aIndia: _bPenguin Classics, _c2015 |
||
| 300 |
_a52 p.; _c16 cm. |
||
| 490 |
_aPenguin Little Black Classics, _v20 |
||
| 650 | _aCommunism | ||
| 650 | _aSocialism | ||
| 700 | _aEngels,Friedrich | ||
| 942 |
_2ddc _cBK |
||
| 999 |
_c14373 _d14373 |
||